000 00341nam a2200145Ia 4500
008 150201s1993 xx 000 0 und d
082 _a610.7
_bR1993G
100 _aGUTEH C F
245 _aREVIEW OF HEMODIALYSIS FOR NURSES
250 _a5TH
260 _bMOSBY
_aNEW DELHI
_c1993
300 _a1-315
650 _aNURSING
942 _2ddc
_cBK
999 _c4064
_d4064